Normal view
MARC view
Entry Personal Name
001 - CONTROL NUMBER
- control field: 25370
003 - CONTROL NUMBER IDENTIFIER
- control field: OSt
005 - DATE AND TIME OF LATEST TRANSACTION
- control field: 20230524201718.0
008 - FIXED-LENGTH DATA ELEMENTS
- fixed length control field: 230524|| aca||aabn | a|a d
040 ## - CATALOGING SOURCE
- Original cataloging agency: OSt
- Transcribing agency: OSt
100 ## - HEADING--PERSONAL NAME
- Personal name: 3rd ed
670 ## - SOURCE DATA FOUND
- Source citation: Work cat.: (OSt)37419: Joseph D.Bronzino (ed by) 25369, Bronzino-The Biomedical Engineering Hand Book -Biomedical Engg Fundamentals, 2006
